Responses for show #7399 - Thursday, November 10, 2016

2016 Teen Tournament quarterfinal game 2.
From DAR Constitution Hall in Washington, D.C.

Contestants

[<< previous game]

Emily LaMonica, a senior from Sayreville, New Jersey

Sabrina Duong, a sophomore from La Jolla, California

Jack Bekos, a junior from Elm Grove, Wisconsin

[next game >>]

Jeopardy! Round responses

NAME THE DISNEY MOVIE
IT HAPPENED IN THE 20th CENTURY
(Alex: A lot of stuff happened.)
ADMIRABLE ADJECTIVES
AMERICAN SYMBOLS
GEOGRAPHIC CENTERS
(Alex: You have to name the state.)
GOOEY CENTERS
(Alex: You don't have to name the state.)
    $200 3
Frozen

Jack
    $200 21
Segregation

Emily
    $200 8
Great

Emily
    $200 10
"Stars and Stripes"

Emily
    $200 1
Georgia

Triple Stumper
    $200 26
jalape├▒os

Jack
    $400 4
The Lion King

Jack
    $400 22
a cell

Emily
    $400 9
sweet

Sabrina
    $400 14
(Jack: What is "O say can you see"?)

home of the brave

Jack
Triple Stumper
    $400 2
Missouri

Emily
    $400 27
(Emily: What are calzones?)

ravioli

SabrinaEmily
    $600 5
Pinocchio

Emily
    $600 23
Churchill

Emily
    $600 11
beautiful

Emily
    $600 15
Uncle Sam

Jack
    $600 16
Louisiana

Emily
    $600 28
Cadbury cream eggs

Emily
    $800 6
Finding Nemo

Emily
    $800 24
Beatlemania

Jack
    $800 12
colossal

Emily
    $800 18
the Liberty Bell

Jack
    $800 17
Massachusetts

Emily
    $800 29
an ├ęclair

Emily
    $1000 7
Lilo & Stitch

Emily
    $1000 25
[This clue was shown on the 2018-02-06 episode of Fresh Off the Boat which supposedly was taking place in 1998.]

Mao Zedong

Emily
    $1000 13
(Alex: You're all too young to remember him.)

lucky

Triple Stumper
    $1,600 19
(Jack: What is the eagle?)
(Alex: Be more specific.)

the bald eagle

Jack
    $1000 20
Minnesota

Triple Stumper
    $1000 30
blintzes

Triple Stumper

Scores at the first commercial break (after clue 15):

Jack Sabrina Emily
$800 $400 $4,600

Scores at the end of the Jeopardy! Round:

Jack Sabrina Emily
$4,200 $800 $9,200

Double Jeopardy! Round responses

WHEN IT WAS NEW
THE ELEMENTS
BORN IN THE '90s
HAVE FAITH
THAT'S MESSED UP, SHAKESPEARE!
ENDS IN "FF"
    $400 27
a secret ballot

Emily
    $400 20
helium

Emily
    $400 15
(Alex: Yeah, she makes you laugh.)

Miley Cyrus

Emily
    $400 8
(Jack: What is Sunday?)

the Sabbath

JackEmily
    $400 5
Hamlet

Sabrina
    $400 23
a kickoff

Sabrina
    $800 28
Microsoft

Emily
    $800 21
calcium

Jack
    $800 16
Jennifer Lawrence

Jack
    $800 9
Mecca

Jack
    $800 4
Romeo and Juliet

Emily
    $800 6
scuff

Sabrina
    $1200 24
BMX

Emily
    $1200 22
lead

Sabrina
    $1200 17
Malia Obama

Emily
    $3,000 10
(Jack: What is polytheistic? [*].)

polytheism

Jack
    $2,400 2
King Lear

Sabrina
    $1200 7
Flagstaff

Jack
    $1600 29
Altoids

Emily
    $1600 25
americium

Emily
    $1600 18
Nashville

Jack
    $1600 11
the Holy Trinity

Triple Stumper
    $1600 1
Othello

Sabrina
    $1600 13
the pontiff

Jack
    $2000 30
combustion

Sabrina
    $2000 26
boron

Triple Stumper
    $2000 19
(Sabrina: Who is Miranda Cosgrove?)

Jennette McCurdy

SabrinaEmily
    $2000 12
(Jack: What is Taoism?)

Shinto

JackSabrina
    $2000 3
Macbeth

Emily
    $2000 14
a bailiff

Emily

Scores at the end of the Double Jeopardy! Round:

Jack Sabrina Emily
$11,600 $9,600 $24,000
(lock game)

Final Jeopardy! Round responses

NATURAL WONDERS
SabrinaWhat are... THOSE?
$9,555
JackWhat is the Great Wall of China?
$6,000
EmilyWhat is the Great Wall of China?
$799
the Great Barrier Reef

Final scores:

Jack Sabrina Emily
$5,600 $45 $23,201
2nd place: $5,000 if eliminated 3rd place: $5,000 if eliminated Automatic semifinalist

Game dynamics:

Coryat scores:

Jack Sabrina Emily
$9,200 $8,400 $24,000
14 R
(including 2 DDs),
3 W
10 R
(including 1 DD),
1 W
29 R,
1 W

Combined Coryat: $41,600

The J! Archive is created by fans, for fans. The Jeopardy! game show and all elements thereof, including but not limited to copyright and trademark thereto, are the property of Jeopardy Productions, Inc. and are protected under law. This website is not affiliated with, sponsored by, or operated by Jeopardy Productions, Inc. Join the discussion at JBoard.tv.